| 000 | 01024nam a22002537a 4500 | ||
|---|---|---|---|
| 005 | 20170124103046.0 | ||
| 010 | _aA-613939 | ||
| 020 | _c70.00 | ||
| 035 | _aA-613939 | ||
| 037 | _bCen Lib/Ret | ||
| 040 |
_aDPL _bHN |
||
| 082 |
_aउ _bशर्माश्री |
||
| 100 |
_aशर्मा, श्रीराम _969109 |
||
| 245 |
_aघुटन / _cश्रीराम शर्मा |
||
| 246 |
_aGhutan / _bby Shreeram Sharma |
||
| 260 |
_aजयपुर _bविवेक पब्लिशिंग हाउस _c1993 |
||
| 270 |
_aधमानी मार्किट, चौड़ा रास्ता _bजयपुर |
||
| 300 |
_a120पृ. _c19सेमी (सजिल्द ) |
||
| 650 |
_aहिंदी साहित्य _x _z _969110 |
||
| 650 |
_aहिंदी साहित्य _v _xउपन्यास _969111 |
||
| 650 |
_aHindi literature _969112 |
||
| 650 |
_aHindi literature _xfiction _969113 |
||
| 942 |
_2ddc _cHN _hउ _mशर्माश्री |
||
| 999 |
_c116935 _d116935 |
||